[Event "European Individual Blitz Chess Championship 2016"]
[Site "?"]
[Date "2016.12.17"]
[Round "12.19"]
[White "Sarana, Alexey"]
[Black "Kozul, Zdenko"]
[Result "0-1"]
[BlackElo "2649"]
[WhiteElo "2488"]
[LiveChessVersion "1.4.7"]

1. d4 {[%clk 0:03:03]} Nf6 {[%clk 0:03:03]} 2. Nf3 {[%clk 0:03:04]} g6
{[%clk 0:03:04]} 3. c4 {[%clk 0:03:04]} Bg7 {[%clk 0:03:05]} 4. g3
{[%clk 0:03:05]} c6 {[%clk 0:03:06]} 5. Bg2 {[%clk 0:03:06]} d5 {[%clk 0:03:06]}
6. Qb3 {[%clk 0:03:07]} O-O {[%clk 0:03:04]} 7. Nc3 {[%clk 0:03:08]} Qb6
{[%clk 0:03:05]} 8. O-O {[%clk 0:03:06]} Rd8 {[%clk 0:03:06]} 9. h3
{[%clk 0:03:06]} h6 {[%clk 0:03:06]} 10. Rd1 {[%clk 0:03:03]} Be6
{[%clk 0:03:05]} 11. c5 {[%clk 0:02:56]} Qxb3 {[%clk 0:03:04]} 12. axb3
{[%clk 0:02:57]} Na6 {[%clk 0:03:02]} 13. Ne5 {[%clk 0:02:52]} Nc7
{[%clk 0:03:03]} 14. Bf4 {[%clk 0:02:50]} Nfe8 {[%clk 0:03:03]} 15. h4
{[%clk 0:02:43]} g5 {[%clk 0:02:59]} 16. hxg5 {[%clk 0:02:38]} hxg5
{[%clk 0:02:59]} 17. Be3 {[%clk 0:02:28]} f6 {[%clk 0:03:00]} 18. Nd3
{[%clk 0:02:25]} Bf5 {[%clk 0:03:00]} 19. f4 {[%clk 0:02:24]} g4 {[%clk 0:02:53]}
20. Bf2 {[%clk 0:02:23]} Bxd3 {[%clk 0:02:30]} 21. Rxd3 {[%clk 0:02:22]} f5
{[%clk 0:02:30]} 22. e3 {[%clk 0:02:04]} e6 {[%clk 0:02:27]} 23. Kf1
{[%clk 0:02:05]} Nf6 {[%clk 0:02:26]} 24. Ke2 {[%clk 0:02:05]} Kf7
{[%clk 0:02:26]} 25. Rdd1 {[%clk 0:02:04]} Ne4 {[%clk 0:02:22]} 26. Rh1
{[%clk 0:02:03]} b6 {[%clk 0:02:14]} 27. cxb6 {[%clk 0:01:57]} axb6
{[%clk 0:02:15]} 28. Na4 {[%clk 0:01:57]} Nxf2 {[%clk 0:01:42]} 29. Kxf2
{[%clk 0:01:57]} Rab8 {[%clk 0:01:26]} 30. Rhc1 {[%clk 0:01:55]} c5
{[%clk 0:01:23]} 31. dxc5 {[%clk 0:01:16]} bxc5 {[%clk 0:01:25]} 32. Rxc5
{[%clk 0:01:15]} Ne8 {[%clk 0:01:25]} 33. Rac1 {[%clk 0:00:47]} Rxb3
{[%clk 0:01:22]} 34. R1c2 {[%clk 0:00:49]} Rdb8 {[%clk 0:01:16]} 35. Rc6
{[%clk 0:00:48]} Bf8 {[%clk 0:01:04]} 36. Ra6 {[%clk 0:00:39]} Be7
{[%clk 0:00:50]} 37. Rcc6 {[%clk 0:00:37]} Ng7 {[%clk 0:00:43]} 38. Bf1
{[%clk 0:00:35]} Bf6 {[%clk 0:00:39]} 39. Ra7+ {[%clk 0:00:21]} R8b7
{[%clk 0:00:38]} 40. Rc7+ {[%clk 0:00:18]} Rxc7 {[%clk 0:00:39]} 41. Rxc7+
{[%clk 0:00:19]} Kg6 {[%clk 0:00:40]} 42. Be2 {[%clk 0:00:12]} Bxb2
{[%clk 0:00:39]} 43. Nc5 {[%clk 0:00:09]} Rc3 {[%clk 0:00:36]} 44. Na6
{[%clk 0:00:06]} Rxc7 {[%clk 0:00:36]} 45. Nxc7 {[%clk 0:00:07]} Kf6
{[%clk 0:00:37]} 46. Nb5 {[%clk 0:00:06]} Ke7 {[%clk 0:00:38]} 47. Bd3
{[%clk 0:00:03]} Ne8 {[%clk 0:00:39]} 48. Ke2 {[%clk 0:00:04]} Kd7
{[%clk 0:00:40]} 49. Kd2 {[%clk 0:00:04]} Nf6 {[%clk 0:00:41]} 50. Kc2
{[%clk 0:00:05]} Nh5 {[%clk 0:00:41]} 51. Kxb2 {[%clk 0:00:06]} Nxg3
{[%clk 0:00:43]} 52. Nd4 {[%clk 0:00:06]} Nh1 {[%clk 0:00:40]} 53. Kc2
{[%clk 0:00:06]} Nf2 {[%clk 0:00:41]} 54. Kd2 {[%clk 0:00:06]} Kd6
{[%clk 0:00:41]} 55. Bf1 {[%clk 0:00:07]} Nh1 {[%clk 0:00:42]} 56. Bg2
{[%clk 0:00:07]} Ng3 {[%clk 0:00:43]} 57. Ne2 {[%clk 0:00:08]} Nh5
{[%clk 0:00:44]} 58. Kd3 {[%clk 0:00:09]} Nf6 {[%clk 0:00:45]} 59. Ng3
{[%clk 0:00:10]} Nd7 {[%clk 0:00:46]} 60. Bf1 {[%clk 0:00:11]} Nc5+
{[%clk 0:00:48]} 61. Kd2 {[%clk 0:00:11]} Ke7 {[%clk 0:00:51]} 62. Kc3 Kd6
{[%clk 0:00:53]} 63. Kd4 {[%clk 0:00:13]} Nb3+ {[%clk 0:00:54]} 64. Kc3
{[%clk 0:00:13]} Nc5 {[%clk 0:00:59]} 65. Bd3 {[%clk 0:00:11]} Ke7
{[%clk 0:00:59]} 66. Bc2 Kd6 {[%clk 0:01:01]} 67. Kd2 {[%clk 0:00:12]} Ke7
{[%clk 0:01:02]} 68. Ne2 Nb7 {[%clk 0:01:03]} 69. Nd4 {[%clk 0:00:13]} Nd6
{[%clk 0:01:05]} 70. Ke2 {[%clk 0:00:13]} Kf6 {[%clk 0:01:06]} 71. Bd3
{[%clk 0:00:15]} Kf7 {[%clk 0:01:07]} 72. Nc6 Kf6 {[%clk 0:01:08]} 73. Ne5
{[%clk 0:00:16]} Ke7 {[%clk 0:01:10]} 74. Kf2 Kf6 {[%clk 0:01:11]} 75. Kg3
{[%clk 0:00:19]} Nb7 {[%clk 0:01:12]} 76. Kh4 Nd6 {[%clk 0:01:14]} 77. Kh5
{[%clk 0:00:13]} Ke7 {[%clk 0:01:18]} 78. Nd7 {[%clk 0:00:12]} Kf6
{[%clk 0:01:19]} 79. Nc5 {[%clk 0:00:12]} Ke7 {[%clk 0:01:20]} 80. Nb3
{[%clk 0:00:09]} Nb7 {[%clk 0:01:18]} 81. Kg5 {[%clk 0:00:09]} Nc5
{[%clk 0:01:19]} 82. Nd4 {[%clk 0:00:08]} Nb7 {[%clk 0:01:19]} 83. Bxf5
{[%clk 0:00:06]} exf5 {[%clk 0:01:20]} 84. Nxf5+ {[%clk 0:00:06]} Kf7
{[%clk 0:01:16]} 85. Kxg4 {[%clk 0:00:07]} Kf6 {[%clk 0:01:16]} 86. Nd4
{[%clk 0:00:07]} Nd6 {[%clk 0:01:17]} 87. Ne2 {[%clk 0:00:07]} Nf5
{[%clk 0:01:15]} 88. Kf3 {[%clk 0:00:08]} Nh4+ {[%clk 0:01:16]} 89. Kf2
{[%clk 0:00:09]} Kf5 {[%clk 0:01:16]} 90. Kg3 {[%clk 0:00:03]} Ng6
{[%clk 0:01:14]} 91. Nc3 {[%clk 0:00:04]} Ke6 {[%clk 0:01:10]} 92. Kg4 Ne7 0-1

[Event "European Individual Blitz Chess Championship 2016"]
[Site "?"]
[Date "2016.12.17"]
[Round "13.5"]
[White "Kovalenko, Igor"]
[Black "Jovanovic, Zoran"]
[Result "1-0"]
[BlackElo "2585"]
[WhiteElo "2667"]
[LiveChessVersion "1.4.7"]

1. c4 {[%clk 0:03:02]} g6 {[%clk 0:03:01]} 2. d4 {[%clk 0:03:03]} Bg7
{[%clk 0:03:01]} 3. Nf3 {[%clk 0:03:04]} d6 {[%clk 0:03:01]} 4. Nc3
{[%clk 0:03:04]} e5 {[%clk 0:03:02]} 5. e4 {[%clk 0:03:05]} Nc6 {[%clk 0:03:02]}
6. d5 {[%clk 0:03:06]} Nd4 {[%clk 0:03:03]} 7. Be3 {[%clk 0:03:05]} Bg4
{[%clk 0:02:56]} 8. Be2 {[%clk 0:03:06]} Bxf3 {[%clk 0:02:55]} 9. Bxf3
{[%clk 0:03:02]} Ne7 {[%clk 0:02:41]} 10. Nb5 {[%clk 0:02:59]} c5
{[%clk 0:02:41]} 11. Nxd4 {[%clk 0:02:46]} exd4 {[%clk 0:02:34]} 12. Bd2
{[%clk 0:02:46]} O-O {[%clk 0:02:32]} 13. O-O {[%clk 0:02:47]} a6
{[%clk 0:02:19]} 14. a4 {[%clk 0:02:46]} Qd7 {[%clk 0:02:09]} 15. Bg4
{[%clk 0:02:39]} f5 {[%clk 0:02:03]} 16. exf5 {[%clk 0:02:37]} Nxf5
{[%clk 0:02:03]} 17. Qb3 {[%clk 0:02:26]} Rae8 {[%clk 0:01:48]} 18. Rae1
{[%clk 0:02:26]} h5 {[%clk 0:01:38]} 19. Bh3 {[%clk 0:02:27]} Kh7
{[%clk 0:01:38]} 20. a5 {[%clk 0:02:01]} Bh6 {[%clk 0:01:32]} 21. f4
{[%clk 0:02:01]} Bg7 {[%clk 0:01:10]} 22. Qd3 {[%clk 0:02:02]} Qf7
{[%clk 0:01:09]} 23. Bxf5 {[%clk 0:01:48]} Qxf5 {[%clk 0:01:09]} 24. Qxf5
{[%clk 0:01:48]} gxf5 {[%clk 0:01:10]} 25. Kf2 {[%clk 0:01:42]} Re4
{[%clk 0:01:11]} 26. Kf3 {[%clk 0:01:28]} Rfe8 {[%clk 0:01:11]} 27. b4
{[%clk 0:01:29]} d3 {[%clk 0:00:55]} 28. bxc5 {[%clk 0:01:27]} dxc5
{[%clk 0:00:56]} 29. d6 {[%clk 0:01:02]} Bf6 {[%clk 0:00:48]} 30. d7
{[%clk 0:00:49]} R8e6 {[%clk 0:00:24]} 31. Re3 {[%clk 0:00:43]} Rxe3+
{[%clk 0:00:21]} 32. Bxe3 {[%clk 0:00:44]} Rd6 {[%clk 0:00:23]} 33. Bxc5
{[%clk 0:00:42]} Rxd7 {[%clk 0:00:24]} 34. Bb4 {[%clk 0:00:35]} Kg6
{[%clk 0:00:22]} 35. Rd1 {[%clk 0:00:35]} Rd4 {[%clk 0:00:22]} 36. Bc3
{[%clk 0:00:32]} Rxc4 {[%clk 0:00:22]} 37. Bxf6 {[%clk 0:00:33]} Kxf6
{[%clk 0:00:22]} 38. Rxd3 {[%clk 0:00:35]} Rc5 {[%clk 0:00:17]} 39. Rd6+
{[%clk 0:00:27]} Kg7 {[%clk 0:00:17]} 40. Rd7+ {[%clk 0:00:28]} Kg6
{[%clk 0:00:18]} 41. Rxb7 {[%clk 0:00:29]} Rxa5 {[%clk 0:00:19]} 42. Rb6+
{[%clk 0:00:30]} Kg7 {[%clk 0:00:21]} 43. Kg3 {[%clk 0:00:31]} Ra2
{[%clk 0:00:22]} 44. Kh3 {[%clk 0:00:32]} a5 {[%clk 0:00:23]} 45. Ra6
{[%clk 0:00:33]} a4 {[%clk 0:00:24]} 46. g3 {[%clk 0:00:34]} a3 {[%clk 0:00:26]}
47. Kh4 {[%clk 0:00:30]} Rxh2+ {[%clk 0:00:26]} 48. Kg5 {[%clk 0:00:31]} a2
{[%clk 0:00:22]} 49. Ra7+ {[%clk 0:00:33]} Kf8 {[%clk 0:00:22]} 50. Kf6
{[%clk 0:00:34]} Ke8 {[%clk 0:00:21]} 51. Kxf5 {[%clk 0:00:35]} Rg2
{[%clk 0:00:22]} 52. Kf6 {[%clk 0:00:35]} Rxg3 {[%clk 0:00:18]} 53. Rxa2
{[%clk 0:00:35]} h4 {[%clk 0:00:19]} 54. Ra8+ {[%clk 0:00:36]} Kd7
{[%clk 0:00:20]} 55. Rh8 {[%clk 0:00:37]} h3 {[%clk 0:00:21]} 56. f5
{[%clk 0:00:38]} Kd6 {[%clk 0:00:22]} 57. Rh5 {[%clk 0:00:19]} Rf3
{[%clk 0:00:20]} 58. Rh8 {[%clk 0:00:13]} Kd5 {[%clk 0:00:19]} 59. Rh4
{[%clk 0:00:13]} Kd6 {[%clk 0:00:19]} 60. Rd4+ {[%clk 0:00:12]} Kc5
{[%clk 0:00:20]} 61. Rd8 {[%clk 0:00:12]} h2 {[%clk 0:00:22]} 62. Rh8
{[%clk 0:00:13]} Rf2 {[%clk 0:00:23]} 63. Ke6 {[%clk 0:00:13]} Re2+
{[%clk 0:00:22]} 64. Kf7 {[%clk 0:00:15]} Rf2 {[%clk 0:00:22]} 65. f6
{[%clk 0:00:16]} Kd6 {[%clk 0:00:22]} 66. Rh5 {[%clk 0:00:16]} Kd7
{[%clk 0:00:19]} 67. Rh6 {[%clk 0:00:16]} Kd6 {[%clk 0:00:20]} 68. Ke8
{[%clk 0:00:16]} Re2+ {[%clk 0:00:20]} 69. Kf8 {[%clk 0:00:17]} Rf2
{[%clk 0:00:17]} 70. f7+ {[%clk 0:00:18]} Kd5 {[%clk 0:00:19]} 71. Kg7
{[%clk 0:00:10]} Rg2+ {[%clk 0:00:20]} 72. Kf8 {[%clk 0:00:10]} Kd4
{[%clk 0:00:19]} 73. Ke7 {[%clk 0:00:11]} Re2+ {[%clk 0:00:21]} 74. Kd6
{[%clk 0:00:12]} Rf2 {[%clk 0:00:22]} 75. Rh4+ {[%clk 0:00:13]} Kd3
{[%clk 0:00:23]} 76. Kd5 Ke4+ 77. Kxe4 1-0

[Event "European Individual Blitz Chess Championship 2016"]
[Site "?"]
[Date "2016.12.17"]
[Round "14.5"]
[White "Jovanovic, Zoran"]
[Black "Kovalenko, Igor"]
[Result "1-0"]
[BlackElo "2667"]
[WhiteElo "2585"]
[LiveChessVersion "1.4.7"]

1. e4 {[%clk 0:03:04]} e6 {[%clk 0:03:03]} 2. d4 {[%clk 0:03:05]} d5
{[%clk 0:03:05]} 3. Nc3 {[%clk 0:03:06]} Bb4 {[%clk 0:03:06]} 4. exd5
{[%clk 0:03:07]} exd5 {[%clk 0:03:07]} 5. Bd3 {[%clk 0:03:08]} Nf6
{[%clk 0:03:08]} 6. Nge2 {[%clk 0:03:09]} O-O 7. O-O {[%clk 0:03:10]} Re8
{[%clk 0:03:11]} 8. Ng3 {[%clk 0:03:09]} c6 {[%clk 0:03:08]} 9. Nce2
{[%clk 0:03:06]} Nbd7 {[%clk 0:03:09]} 10. c3 {[%clk 0:03:03]} Bd6
{[%clk 0:03:04]} 11. Bf4 {[%clk 0:03:03]} Bxf4 {[%clk 0:03:05]} 12. Nxf4
{[%clk 0:03:04]} Nf8 {[%clk 0:03:05]} 13. h3 {[%clk 0:03:04]} Qc7
{[%clk 0:02:50]} 14. Qf3 {[%clk 0:03:03]} Bd7 {[%clk 0:02:47]} 15. Nfh5
{[%clk 0:02:57]} Nxh5 {[%clk 0:02:47]} 16. Nxh5 {[%clk 0:02:58]} Ng6
{[%clk 0:02:43]} 17. Rfe1 {[%clk 0:02:53]} a5 {[%clk 0:02:36]} 18. Bxg6
{[%clk 0:02:46]} hxg6 {[%clk 0:02:37]} 19. Ng3 {[%clk 0:02:39]} Qb6
{[%clk 0:02:34]} 20. Re2 {[%clk 0:02:30]} Rxe2 {[%clk 0:02:33]} 21. Qxe2
{[%clk 0:02:31]} Re8 {[%clk 0:02:33]} 22. Qd2 {[%clk 0:02:32]} a4
{[%clk 0:02:33]} 23. a3 {[%clk 0:02:33]} Qb5 {[%clk 0:02:32]} 24. Kh2
{[%clk 0:02:27]} b6 {[%clk 0:02:22]} 25. Rd1 {[%clk 0:02:26]} Re6
{[%clk 0:02:19]} 26. Qc2 {[%clk 0:02:26]} Qc4 27. Rd2 {[%clk 0:02:23]} c5
{[%clk 0:02:12]} 28. Qd3 {[%clk 0:02:21]} Bb5 {[%clk 0:01:59]} 29. Qf3
{[%clk 0:02:20]} Rf6 {[%clk 0:01:59]} 30. Qe3 {[%clk 0:02:20]} Re6
{[%clk 0:01:58]} 31. Qg5 {[%clk 0:02:15]} Rf6 {[%clk 0:01:39]} 32. dxc5
{[%clk 0:02:14]} bxc5 {[%clk 0:01:40]} 33. Rxd5 {[%clk 0:01:59]} Bc6
{[%clk 0:01:36]} 34. Rd8+ {[%clk 0:01:33]} Kh7 {[%clk 0:01:36]} 35. Rd2
{[%clk 0:01:33]} Re6 {[%clk 0:01:19]} 36. Qg4 {[%clk 0:01:33]} Qxg4
{[%clk 0:01:19]} 37. hxg4 {[%clk 0:01:35]} Re1 {[%clk 0:01:04]} 38. Ne2
{[%clk 0:01:18]} g5 {[%clk 0:01:05]} 39. f3 {[%clk 0:01:14]} g6 {[%clk 0:01:04]}
40. Kg3 {[%clk 0:01:15]} f5 {[%clk 0:01:04]} 41. Kf2 {[%clk 0:01:15]} Rb1
{[%clk 0:01:04]} 42. gxf5 {[%clk 0:01:06]} gxf5 {[%clk 0:01:05]} 43. Ke3
{[%clk 0:00:54]} f4+ {[%clk 0:01:04]} 44. Kd3 {[%clk 0:00:56]} Bb5+
{[%clk 0:00:54]} 45. c4 {[%clk 0:00:55]} Be8 {[%clk 0:00:52]} 46. Ke4
{[%clk 0:00:51]} Bf7 {[%clk 0:00:53]} 47. Kf5 {[%clk 0:00:52]} Kh6
{[%clk 0:00:51]} 48. Nc3 {[%clk 0:00:46]} Rg1 {[%clk 0:00:44]} 49. Nxa4
{[%clk 0:00:45]} Bxc4 {[%clk 0:00:39]} 50. Nxc5 {[%clk 0:00:46]} Bf7
{[%clk 0:00:27]} 51. Kf6 {[%clk 0:00:45]} Bg6 {[%clk 0:00:21]} 52. Ne6
{[%clk 0:00:44]} Rc1 {[%clk 0:00:15]} 53. Nxg5 {[%clk 0:00:44]} Rc6+
{[%clk 0:00:16]} 54. Ne6 {[%clk 0:00:45]} Kh5 {[%clk 0:00:06]} 55. b4
{[%clk 0:00:40]} Be8 56. Ke7 1-0

[Event "European Individual Blitz Chess Championship 2016"]
[Site "?"]
[Date "2016.12.17"]
[Round "14.8"]
[White "Rakhmanov, Aleksandr"]
[Black "Saric, Ivan"]
[Result "0-1"]
[BlackElo "2664"]
[WhiteElo "2533"]
[LiveChessVersion "1.4.7"]

1. c4 {[%clk 0:03:03]} g6 {[%clk 0:03:04]} 2. Nc3 {[%clk 0:03:04]} Bg7
{[%clk 0:03:05]} 3. g3 {[%clk 0:03:05]} Nf6 {[%clk 0:03:03]} 4. Bg2
{[%clk 0:03:06]} O-O {[%clk 0:03:03]} 5. d3 {[%clk 0:03:07]} d6 {[%clk 0:03:04]}
6. e3 {[%clk 0:03:07]} e5 {[%clk 0:03:04]} 7. Nge2 {[%clk 0:03:08]} c6
{[%clk 0:03:04]} 8. e4 {[%clk 0:03:09]} a5 {[%clk 0:03:05]} 9. O-O
{[%clk 0:03:08]} Na6 {[%clk 0:03:07]} 10. h3 Rb8 11. Bg5 {[%clk 0:03:01]} h6
{[%clk 0:03:08]} 12. Be3 {[%clk 0:03:02]} b5 {[%clk 0:03:03]} 13. Qd2
{[%clk 0:02:54]} Kh7 {[%clk 0:03:00]} 14. cxb5 {[%clk 0:02:37]} cxb5
{[%clk 0:03:01]} 15. Rac1 {[%clk 0:02:38]} b4 {[%clk 0:02:51]} 16. Nd5
{[%clk 0:02:34]} Nxd5 {[%clk 0:02:50]} 17. exd5 {[%clk 0:02:35]} Bd7
{[%clk 0:02:36]} 18. d4 {[%clk 0:02:28]} Re8 {[%clk 0:02:31]} 19. dxe5
{[%clk 0:02:27]} dxe5 {[%clk 0:02:21]} 20. Rfd1 {[%clk 0:02:10]} Nc7
{[%clk 0:02:17]} 21. d6 {[%clk 0:02:09]} Nb5 {[%clk 0:02:16]} 22. g4
{[%clk 0:01:46]} f5 {[%clk 0:01:21]} 23. gxf5 gxf5 {[%clk 0:01:22]} 24. f4
{[%clk 0:01:46]} e4 {[%clk 0:01:20]} 25. Kh2 {[%clk 0:01:35]} Re6
{[%clk 0:01:20]} 26. Bc5 {[%clk 0:01:30]} Rg6 {[%clk 0:01:21]} 27. Rg1
{[%clk 0:01:21]} Be8 {[%clk 0:01:10]} 28. Bh1 {[%clk 0:01:14]} Qd7
{[%clk 0:01:00]} 29. Ng3 {[%clk 0:00:50]} Nxd6 {[%clk 0:00:53]} 30. Rcd1
{[%clk 0:00:39]} Rd8 {[%clk 0:00:48]} 31. Bxd6 {[%clk 0:00:14]} Rxd6
{[%clk 0:00:40]} 32. Qxd6 {[%clk 0:00:15]} Qxd6 {[%clk 0:00:41]} 33. Rxd6 Rxd6
{[%clk 0:00:43]} 34. Nxf5 {[%clk 0:00:15]} Rd2+ {[%clk 0:00:44]} 35. Rg2
{[%clk 0:00:16]} Rxb2 {[%clk 0:00:32]} 36. Rxb2 {[%clk 0:00:09]} Bxb2
{[%clk 0:00:33]} 37. Bxe4 {[%clk 0:00:09]} Bg6 {[%clk 0:00:34]} 38. Kg3
{[%clk 0:00:08]} a4 {[%clk 0:00:35]} 39. Kg4 {[%clk 0:00:09]} b3 {[%clk 0:00:33]}
40. axb3 {[%clk 0:00:10]} a3 {[%clk 0:00:34]} 41. Bb1 {[%clk 0:00:11]} Bf6
{[%clk 0:00:34]} 42. b4 {[%clk 0:00:08]} h5+ {[%clk 0:00:34]} 43. Kf3
{[%clk 0:00:08]} Kh8 {[%clk 0:00:34]} 44. Ke4 {[%clk 0:00:09]} Bf7
{[%clk 0:00:31]} 45. Nd6 {[%clk 0:00:09]} Bb3 {[%clk 0:00:31]} 46. b5
{[%clk 0:00:10]} Bc2+ {[%clk 0:00:31]} 47. Bxc2 {[%clk 0:00:08]} a2
{[%clk 0:00:32]} 48. Nf7+ {[%clk 0:00:06]} Kg7 {[%clk 0:00:34]} 49. Kd4 0-1

[Event "European Individual Blitz Chess Championship 2016"]
[Site "?"]
[Date "2016.12.17"]
[Round "14.15"]
[White "Grigoriants, Sergey"]
[Black "Zhigalko, Sergei"]
[Result "0-1"]
[BlackElo "2699"]
[WhiteElo "2590"]
[LiveChessVersion "1.4.7"]

1. e4 {[%clk 0:03:03]} c5 {[%clk 0:03:04]} 2. Nf3 {[%clk 0:03:04]} Nc6
{[%clk 0:03:05]} 3. Bb5 {[%clk 0:03:03]} Nf6 {[%clk 0:03:05]} 4. Bxc6
{[%clk 0:02:54]} dxc6 {[%clk 0:03:06]} 5. Nc3 {[%clk 0:02:51]} Bg4
{[%clk 0:03:06]} 6. h3 {[%clk 0:02:52]} Bh5 {[%clk 0:03:06]} 7. d3
{[%clk 0:02:50]} Qc7 {[%clk 0:03:06]} 8. Be3 {[%clk 0:02:38]} Nd7
{[%clk 0:02:56]} 9. g4 {[%clk 0:02:33]} Bg6 {[%clk 0:02:57]} 10. Nh4
{[%clk 0:02:29]} e6 {[%clk 0:02:56]} 11. Qe2 {[%clk 0:02:27]} Be7
{[%clk 0:02:52]} 12. Ng2 {[%clk 0:02:23]} f6 {[%clk 0:02:47]} 13. f4
{[%clk 0:02:22]} Bf7 {[%clk 0:02:31]} 14. h4 {[%clk 0:02:11]} h5 {[%clk 0:02:18]}
15. g5 {[%clk 0:02:11]} O-O-O {[%clk 0:02:18]} 16. O-O-O {[%clk 0:02:09]} Qa5
{[%clk 0:02:07]} 17. Kb1 {[%clk 0:02:06]} e5 {[%clk 0:02:00]} 18. Bd2
{[%clk 0:01:48]} Qa6 {[%clk 0:01:39]} 19. gxf6 {[%clk 0:01:47]} gxf6
{[%clk 0:01:35]} 20. Ne3 {[%clk 0:01:48]} b5 {[%clk 0:01:21]} 21. b3
{[%clk 0:01:43]} exf4 {[%clk 0:01:09]} 22. Nf5 {[%clk 0:01:44]} Bf8
{[%clk 0:01:10]} 23. Bxf4 {[%clk 0:01:40]} Ne5 {[%clk 0:01:09]} 24. Bxe5
{[%clk 0:01:34]} fxe5 {[%clk 0:01:10]} 25. Qh2 {[%clk 0:01:09]} Re8
{[%clk 0:01:02]} 26. Rdf1 {[%clk 0:01:07]} Rh7 {[%clk 0:01:01]} 27. Rf3
{[%clk 0:01:04]} Qa5 {[%clk 0:00:54]} 28. Nd1 {[%clk 0:01:04]} c4
{[%clk 0:00:38]} 29. Rhf1 {[%clk 0:00:56]} cxd3 {[%clk 0:00:30]} 30. Rxd3
{[%clk 0:00:54]} Qc7 {[%clk 0:00:25]} 31. Nf2 {[%clk 0:00:40]} Be6
{[%clk 0:00:19]} 32. Nh3 {[%clk 0:00:40]} Rd7 {[%clk 0:00:19]} 33. Rxd7
{[%clk 0:00:29]} Qxd7 {[%clk 0:00:17]} 34. Ng5 {[%clk 0:00:28]} Ba3
{[%clk 0:00:15]} 35. Qe2 {[%clk 0:00:22]} Rd8 {[%clk 0:00:06]} 36. Nxe6
{[%clk 0:00:14]} Qxe6 {[%clk 0:00:07]} 37. Rd1 {[%clk 0:00:14]} Rxd1+
{[%clk 0:00:04]} 38. Qxd1 {[%clk 0:00:15]} Qg6 {[%clk 0:00:04]} 39. Qc1
{[%clk 0:00:06]} Bxc1 {[%clk 0:00:03]} 40. Ne7+ {[%clk 0:00:06]} Kd7
{[%clk 0:00:04]} 41. Nxg6 {[%clk 0:00:07]} Bf4 {[%clk 0:00:05]} 42. c4
{[%clk 0:00:04]} bxc4 {[%clk 0:00:05]} 43. bxc4 {[%clk 0:00:06]} Bg3
{[%clk 0:00:05]} 44. Kc2 {[%clk 0:00:07]} Ke8 {[%clk 0:00:05]} 45. Kd3
{[%clk 0:00:04]} Kf7 {[%clk 0:00:06]} 46. Kd4 0-1

[Event "European Individual Blitz Chess Championship 2016"]
[Site "?"]
[Date "2016.12.17"]
[Round "16.10"]
[White "Rakhmanov, Aleksandr"]
[Black "Cvitan, Ognjen"]
[Result "1-0"]
[BlackElo "2647"]
[WhiteElo "2533"]
[LiveChessVersion "1.4.7"]

1. c4 {[%clk 0:03:03]} e6 {[%clk 0:03:03]} 2. e4 {[%clk 0:03:03]} d5
{[%clk 0:03:02]} 3. exd5 {[%clk 0:03:04]} exd5 {[%clk 0:03:03]} 4. d4
{[%clk 0:03:06]} Nf6 {[%clk 0:03:03]} 5. Nc3 {[%clk 0:03:07]} Bb4
{[%clk 0:03:01]} 6. Bd3 {[%clk 0:03:08]} O-O {[%clk 0:02:53]} 7. Nge2
{[%clk 0:03:09]} dxc4 {[%clk 0:02:52]} 8. Bxc4 {[%clk 0:03:10]} Nc6
{[%clk 0:02:53]} 9. O-O {[%clk 0:03:04]} h6 {[%clk 0:02:53]} 10. a3
{[%clk 0:03:01]} Bd6 {[%clk 0:02:52]} 11. f3 {[%clk 0:03:02]} a6 {[%clk 0:02:52]}
12. Be3 {[%clk 0:03:01]} Re8 {[%clk 0:02:53]} 13. Bf2 {[%clk 0:03:01]} Ne7
{[%clk 0:02:49]} 14. Ng3 {[%clk 0:03:01]} Ng6 {[%clk 0:02:42]} 15. Nge4
{[%clk 0:03:01]} Be6 {[%clk 0:02:31]} 16. Bd3 {[%clk 0:02:41]} Nd5
{[%clk 0:02:17]} 17. Re1 {[%clk 0:02:33]} Ndf4 {[%clk 0:02:04]} 18. Bf1
{[%clk 0:02:29]} Nd5 {[%clk 0:01:56]} 19. Nxd6 {[%clk 0:02:22]} cxd6
{[%clk 0:01:55]} 20. Ne4 {[%clk 0:02:13]} Rc8 {[%clk 0:01:54]} 21. Qd2
{[%clk 0:02:14]} Nb6 {[%clk 0:01:41]} 22. Bg3 {[%clk 0:02:13]} Rc6
{[%clk 0:01:29]} 23. Rec1 {[%clk 0:02:00]} Bc4 {[%clk 0:01:24]} 24. Bxc4
{[%clk 0:01:52]} Nxc4 {[%clk 0:01:25]} 25. Rxc4 {[%clk 0:01:53]} Rxc4
{[%clk 0:01:26]} 26. Nxd6 {[%clk 0:01:54]} b5 {[%clk 0:01:09]} 27. Nxc4
{[%clk 0:01:25]} bxc4 {[%clk 0:01:10]} 28. Rc1 {[%clk 0:01:27]} Qd5
{[%clk 0:01:09]} 29. Qc3 {[%clk 0:01:10]} Re2 {[%clk 0:00:52]} 30. Qxc4
{[%clk 0:01:08]} Qxc4 {[%clk 0:00:53]} 31. Rxc4 {[%clk 0:01:09]} Rxb2
{[%clk 0:00:55]} 32. d5 {[%clk 0:00:51]} Rd2 {[%clk 0:00:55]} 33. d6
{[%clk 0:00:51]} h5 {[%clk 0:00:56]} 34. h4 {[%clk 0:00:50]} f6 {[%clk 0:00:53]}
35. Ra4 {[%clk 0:00:46]} f5 {[%clk 0:00:27]} 36. Rxa6 {[%clk 0:00:37]} f4
{[%clk 0:00:28]} 37. Be1 {[%clk 0:00:38]} Rd1 {[%clk 0:00:27]} 38. Kf1
{[%clk 0:00:35]} Ne5 39. Ke2 {[%clk 0:00:36]} Ra1 {[%clk 0:00:20]} 40. Ra4
{[%clk 0:00:27]} Ra2+ {[%clk 0:00:16]} 41. Bd2 {[%clk 0:00:28]} Kf7
{[%clk 0:00:10]} 42. Rxf4+ Ke6 43. Rd4 {[%clk 0:00:19]} Rxa3 {[%clk 0:00:12]} 44.
Bf4 {[%clk 0:00:19]} Ra2+ {[%clk 0:00:14]} 45. Kf1 {[%clk 0:00:20]} Nd7
{[%clk 0:00:14]} 46. Kg1 {[%clk 0:00:17]} Rc2 {[%clk 0:00:14]} 47. Bg3
{[%clk 0:00:18]} Rc1+ {[%clk 0:00:14]} 48. Kh2 {[%clk 0:00:19]} Rc2
{[%clk 0:00:14]} 49. Re4+ {[%clk 0:00:20]} Kd5 {[%clk 0:00:12]} 50. Re7
{[%clk 0:00:21]} Kc6 {[%clk 0:00:13]} 51. Rxg7 {[%clk 0:00:22]} Nf6
{[%clk 0:00:12]} 52. Rc7+ {[%clk 0:00:20]} Kd5 1-0